书目信息 |
| 题名: |
聚合物形态学原理
|
|
| 作者: | 巴西特 , Bassett 著 ;张国耀 , 黎书樨 译 | |
| 分册: | ||
| 出版信息: | 北京 科学出版社 1987 |
|
| 页数: | 264页 | |
| 开本: | 19cm | |
| 丛书名: | ||
| 单 册: | ||
| 中图分类: | O631 , O631.1 | |
| 科图分类: | ||
| 主题词: | 高聚物物理学 , 高分子化学 , 高聚物 | |
| 电子资源: | ||
| ISBN: | ||
| 000 | 00858nam0 2200313 45 | |
| 001 | 0187009262 | |
| 005 | 20040629171029.4 | |
| 010 | @dCNY2.00 | |
| 091 | @a13031.3456 | |
| 100 | @a19900808d1987 emky0chiy0121 ea | |
| 101 | 1 | @achi@ceng |
| 102 | @aCN@b110000 | |
| 105 | @ay z 000yy | |
| 106 | @ar | |
| 200 | 10 | @a聚合物形态学原理@Aju he wu xing tai xue yuan li@f(英)巴西特(Bassett,D.C.)著@g张国耀, 黎书樨译 |
| 210 | @a北京@c科学出版社@d1987 | |
| 215 | @a264页@d19cm | |
| 606 | @a高聚物物理学 | |
| 606 | 0 | @a高分子化学 |
| 606 | 0 | @a高聚物 |
| 690 | @aO631@v3 | |
| 690 | @aO631.1@v3 | |
| 701 | 1 | @a巴西特@Aba xi te@bD.C.@4著 |
| 701 | A1 | @aBassett@bD.C.@4著 |
| 702 | 0 | @a张国耀@Azhang guo yao@4译 |
| 702 | 0 | @a黎书樨@Ali shu xi@4译 |
| 801 | 0 | @aCN@b深圳图书馆@c20040524 |
| 801 | 2 | @aCN@bNLC@c20040524 |
| 905 | @dO631.1@e29@f1@b217011 | |
| 聚合物形态学原理/(英)巴西特(Bassett,D.C.)著/张国耀, 黎书樨译.-北京:科学出版社,1987 |
| 264页;19cm |
| ISBN :CNY2.00 |
| ● |
| 相关链接 |
|
|
|
|
正题名:聚合物形态学原理
索取号:O631.1/29
 
预约/预借
| 序号 | 登录号 | 条形码 | 馆藏地/架位号 | 状态 | 备注 |
| 1 | 0217010 | 000350818 | 第三借阅区/ [索取号:O631.1/29] | 在馆 | |
| 2 | 0217011 | 001935008 | 第三借阅区/ [索取号:O631.1/29] | 在馆 | |
| 3 | 0217012 | 000350854 | 第二样本阅览室/ [索取号:O631.1/29] | 在馆 |